| 000 | 00611nam a22002177a 4500 | ||
|---|---|---|---|
| 001 | 0011752 | ||
| 003 | DO-SdBNP | ||
| 005 | 20180209092333.0 | ||
| 007 | 0011752 | ||
| 008 | 161114b 1989 xx||||| |||| 00| 0 spa d | ||
| 020 | _a9780590418867 | ||
| 040 |
_aBPMSU _bspa _cBPMSU |
||
| 082 |
_axxxxxxxxx _bxxxxxxxxx |
||
| 245 |
_aArroz con leche / _cselección y ilustración Lulu Delacre |
||
| 260 |
_aEstados Unidos : _bScholastic, _c1989. |
||
| 300 |
_a32 p. : _bil., _c21 cm. |
||
| 700 | 1 |
_aDelacr, Lulu. _eil. |
|
| 942 |
_2ddc _cBK |
||
| 945 | _ainventariado, 2018 / dg | ||
| 956 |
_aBTAVÁREZ _b10 _c20161114 _d0011752 |
||
| 999 |
_c11935 _d11935 |
||